| 000 -LEADER |
| fixed length control field |
00611cam a2200205 a 4500 |
| 040 ## - CATALOGING SOURCE |
| Transcribing agency |
CtWfDGI |
| 082 04 - DEWEY DECIMAL CLASSIFICATION NUMBER |
| Classification number |
005 HUN 2002 A007 Or. |
| 100 1# - MAIN ENTRY--AUTHOR NAME |
| Personal name |
Hughes, Jeffrey F. |
| 245 10 - TITLE STATEMENT |
| Title |
Novell's guide to NetWare 6 networks |
| 246 3# - VARYING FORM OF TITLE |
| Title proper/short title |
Guide to NetWare 6 networks |
| 246 3# - VARYING FORM OF TITLE |
| Title proper/short title |
NetWare 6 networks |
| 260 ## - PUBLICATION, DISTRIBUTION, ETC. (IMPRINT) |
| Place of publication |
New York : |
| Name of publisher |
Hungry Minds, Inc., |
| Year of publication |
c2002 |
| 500 ## - GENERAL NOTE |
| General note |
Includes index. |
| 500 ## - GENERAL NOTE |
| General note |
Title from title screen. |
| 650 #0 - SUBJECT ADDED ENTRY--TOPICAL TERM |
| Topical Term |
Computer networks. |
| 650 #0 - SUBJECT ADDED ENTRY--TOPICAL TERM |
| Topical Term |
Operating systems (Computers) |
| 700 1# - ADDED ENTRY--PERSONAL NAME |
| Personal name |
Thomas, Blair W. |
| 856 40 - ELECTRONIC LOCATION AND ACCESS |
| Uniform Resource Identifier |
http://www.books24x7.com/marc.asp?isbn=076454876X |
| 942 ## - ADDED ENTRY ELEMENTS (KOHA) |
| Koha item type |
សៀវភៅភាសាអង់គ្លេស |
| 952 ## - LOCATION AND ITEM INFORMATION (KOHA) |
| Withdrawn status [LOCAL, KOHA] |
0 |